[Event "ch-Frankfurt A"]
[Site "Frankfurt Main"]
[Date "2025.06.02"]
[Round "6.1"]
[White "Krause, Jonah"]
[Black "Cwiek, Ryszard"]
[Result "1-0"]
[WhiteElo "2361"]
[BlackElo "2031"]
[PlyCount "63"]
[EventDate "2025.04.28"]
[EventType "swiss"]
[EventRounds "7"]
[EventCountry "GER"]
[WhiteTeam "FC ST.Pauli 1910 eV SAbt"]

1. d4 f5 2. Nf3 Nf6 3. g3 g6 4. Bg2 Bg7 5. O-O O-O 6. c4 d6 7. Nc3 c6 8. d5 e5 9. dxe6 Bxe6 10. b3 Na6 11. Ng5 Bc8 12. Bb2 h6 13. Nf3 Be6 14. Qc2 Qe7 15. Rad1 Rad8 16. e3 Nc5 17. Ne2 Bc8 18. Bd4 a5 19. Nf4 Kf7 20. Nh4 g5 21. Nfg6 Qe6 22. Nxf8 Rxf8 23. Nf3 b6 24. Rfe1 Ba6 25. Bxf6 Qxf6 26. Nd4 Kg8 27. Bxc6 f4 28. exf4 gxf4 29. Bd5+ Kh8 30. Ne6 Nxe6 31. Rxe6 Qg5 32. Qg6 1-0

[Event "ch-Frankfurt A"]
[Site "Frankfurt Main"]
[Date "2025.06.02"]
[Round "6.2"]
[White "Neukirchner, Pascal"]
[Black "Fayed, Ahmed"]
[Result "1-0"]
[WhiteElo "2245"]
[BlackElo "1656"]
[PlyCount "95"]
[EventDate "2025.04.28"]
[EventType "swiss"]
[EventRounds "7"]
[EventCountry "GER"]
[WhiteTeam "Heilbronner SV"]
[BlackTeam "Sfr.1932 Kelkheim"]

1. Nf3 Nf6 2. g3 g6 3. b3 Bg7 4. Bb2 d6 5. d4 c6 6. Bg2 O-O 7. O-O Nbd7 8. Nbd2 Re8 9. e4 e5 10. dxe5 dxe5 11. Nc4 Nxe4 12. Re1 Ng5 13. Nfxe5 Nxe5 14. Bxe5 Qxd1 15. Raxd1 Bg4 16. Rc1 Nf3+ 17. Bxf3 Bxf3 18. Bxg7 Kxg7 19. Nd6 Rxe1+ 20. Rxe1 b5 21. Re7 Bd5 22. c4 bxc4 23. bxc4 Be6 24. Rc7 Rb8 25. Rxa7 Rb1+ 26. Kg2 Rc1 27. Kf3 Bxc4 28. Ke3 Be6 29. a4 c5 30. a5 c4 31. Kd2 Ra1 32. Ne4 Ra2+ 33. Kc3 Ra3+ 34. Kb2 Rb3+ 35. Kc1 Bd5 36. Nc5 Rb5 37. Na4 Rb3 38. a6 Be4 39. Nc5 Rb1+ 40. Kd2 Rb2+ 41. Kc3 Rc2+ 42. Kd4 Bf3 43. Rc7 Ra2 44. a7 Rxf2 45. h4 Ra2 46. Ne6+ Kf6 47. Ng5 Be2 48. Rxf7# 1-0

[Event "ch-Frankfurt A"]
[Site "Frankfurt Main"]
[Date "2025.06.02"]
[Round "6.3"]
[White "Perlitz, Sven"]
[Black "Leimeister, Erhard"]
[Result "1/2-1/2"]
[WhiteElo "2120"]
[BlackElo "2209"]
[PlyCount "75"]
[EventDate "2025.04.28"]
[EventType "swiss"]
[EventRounds "7"]
[EventCountry "GER"]
[WhiteTeam "SC 1961 König Nied"]
[BlackTeam "SV 1934 Ffm-Griesheim"]

1. e4 Nf6 2. e5 Nd5 3. d4 d6 4. c4 Nb6 5. exd6 exd6 6. Nf3 Be7 7. h3 O-O 8. Be2 Bf6 9. Nc3 Be6 10. Qb3 a5 11. d5 Bf5 12. Be3 N8d7 13. g4 Bg6 14. h4 Nc5 15. Bxc5 dxc5 16. h5 Bxc3+ 17. Qxc3 Be4 18. h6 Qf6 19. Qxf6 gxf6 20. Rh3 Bxf3 21. Rxf3 Rae8 22. Re3 f5 23. gxf5 Rxe3 24. fxe3 f6 25. Kf2 Kh8 26. Rg1 Rg8 27. Rxg8+ Kxg8 28. b3 Nd7 29. Bh5 Ne5 30. Ke2 Kf8 31. Kd2 Nd7 32. Kd3 Ke7 33. Ke4 Ne5 34. a3 b6 35. a4 Nd7 36. Bg6 Nf8 37. Bh5 Nd7 38. Bg6 1/2-1/2

[Event "ch-Frankfurt A"]
[Site "Frankfurt Main"]
[Date "2025.06.02"]
[Round "6.4"]
[White "Philipp, Nils"]
[Black "Kupriyanov, Daniel"]
[Result "1/2-1/2"]
[WhiteElo "1902"]
[BlackElo "2112"]
[PlyCount "77"]
[EventDate "2025.04.28"]
[EventType "swiss"]
[EventRounds "7"]
[EventCountry "GER"]
[WhiteTeam "Sabt Frankfurter TV 1860"]

1. d4 Nf6 2. Nf3 d5 3. c3 e6 4. Bf4 c5 5. e3 Nc6 6. Nbd2 Be7 7. h3 O-O 8. Bd3 a6 9. a4 Nd7 10. Ne5 Ndxe5 11. dxe5 Bd7 12. Qh5 g6 13. Qg4 f5 14. Qg3 b5 15. h4 Kg7 16. Nf3 h6 17. axb5 axb5 18. O-O c4 19. Be2 Kh7 20. Qh3 b4 21. Rfd1 Qc7 22. Qg3 b3 23. Rxa8 Rxa8 24. Nd4 Nxd4 25. exd4 Qd8 26. Qe3 Bxh4 27. Qh3 Bg5 28. Qe3 Bxf4 29. Qxf4 g5 30. Qd2 Be8 31. g3 Ra2 32. Kg2 Bg6 33. f4 gxf4 34. gxf4 Ra7 35. Rh1 Rg7 36. Kf2 Ra7 37. Ke3 Qg8 38. Bf3 Ra8 39. Qh2 1/2-1/2

[Event "ch-Frankfurt A"]
[Site "Frankfurt Main"]
[Date "2025.06.02"]
[Round "6.5"]
[White "Rabiya, Karim"]
[Black "von Wahden, Jens"]
[Result "1-0"]
[WhiteElo "1801"]
[BlackElo "1957"]
[PlyCount "57"]
[EventDate "2025.04.28"]
[EventType "swiss"]
[EventRounds "7"]
[EventCountry "GER"]
[WhiteTeam "SK Niederbrechen 1948"]
[BlackTeam "SV Oberursel"]

1. e4 e6 2. d4 d5 3. e5 c5 4. c3 Nc6 5. Nf3 Bd7 6. Be2 Nge7 7. O-O cxd4 8. cxd4 Nf5 9. Nc3 Rc8 10. Kh1 a6 11. g4 Nfe7 12. Bd2 Ng6 13. g5 Nge7 14. Bd3 g6 15. Ne2 Nf5 16. Bxf5 gxf5 17. Nf4 Ne7 18. Nh5 Ng8 19. Rg1 Be7 20. Nf6+ Nxf6 21. gxf6 Bf8 22. Ng5 h5 23. Qf3 Bb5 24. a4 Rc2 25. axb5 Rxd2 26. Qc3 Rxf2 27. bxa6 bxa6 28. Rxa6 Bh6 29. Qc6+ 1-0

[Event "ch-Frankfurt A"]
[Site "Frankfurt Main"]
[Date "2025.06.02"]
[Round "6.7"]
[White "Ewers, Christian"]
[Black "Schweitzer, Stefan"]
[Result "1-0"]
[WhiteElo "1880"]
[BlackElo "1833"]
[PlyCount "57"]
[EventDate "2025.04.28"]
[EventType "swiss"]
[EventRounds "7"]
[EventCountry "GER"]
[BlackTeam "SF Frankfurt 1921"]

1. e4 c5 2. Nf3 e6 3. Nc3 Nc6 4. d3 d5 5. Qe2 d4 6. Nd1 Nf6 7. g3 Be7 8. Bg2 Qc7 9. O-O a6 10. a4 Rb8 11. b3 b5 12. Nb2 Bb7 13. Ne1 O-O 14. f4 Rfc8 15. g4 Ne8 16. g5 Nd6 17. Rf3 c4 18. Rh3 g6 19. Qg4 Bf8 20. Qh4 f5 21. gxf6 cxb3 22. cxb3 Na5 23. Nf3 Nxb3 24. Ne5 h6 25. Qg4 Qh7 26. Qxe6+ Kh8 27. Qxb3 Rc3 28. Qd1 Rbc8 29. Rg3 1-0

[Event "ch-Frankfurt A"]
[Site "Frankfurt Main"]
[Date "2025.06.02"]
[Round "6.8"]
[White "Dolidze, David"]
[Black "Mayer, Frank"]
[Result "1-0"]
[WhiteElo "1809"]
[BlackElo "1984"]
[PlyCount "43"]
[EventDate "2025.04.28"]
[EventType "swiss"]
[EventRounds "7"]
[EventCountry "GER"]
[WhiteTeam "SC Eschborn 1974"]
[BlackTeam "Wiesbadener SV 1885"]

1. e4 c6 2. d4 d5 3. Nc3 dxe4 4. Nxe4 Nf6 5. Nxf6+ exf6 6. Nf3 Bd6 7. Bd3 Na6 8. O-O Nb4 9. Re1+ Kf8 10. Bc4 Bf5 11. Bb3 a5 12. a3 a4 13. axb4 axb3 14. Rxa8 Qxa8 15. cxb3 Bxb4 16. Bd2 Bd6 17. Bc3 Be6 18. Nd2 Qb8 19. Qh5 Bf4 20. Ne4 f5 21. Nc5 Bd5 22. Nd7+ 1-0

[Event "ch-Frankfurt A"]
[Site "Frankfurt Main"]
[Date "2025.06.02"]
[Round "6.10"]
[White "Heß, Steffen"]
[Black "Beinrucker, Clemens"]
[Result "1/2-1/2"]
[WhiteElo "2081"]
[BlackElo "1937"]
[PlyCount "95"]
[EventDate "2025.04.28"]
[EventType "swiss"]
[EventRounds "7"]
[EventCountry "GER"]
[WhiteTeam "SC Groß-Zimmern"]
[BlackTeam "SK Niederbrechen 1948"]

1. d4 Nf6 2. Nf3 c5 3. e3 g6 4. Be2 cxd4 5. exd4 Bg7 6. O-O O-O 7. b3 d6 8. Bb2 b6 9. Nbd2 Na6 10. Re1 Nc7 11. c4 Bb7 12. Rc1 Rc8 13. Bf1 Re8 14. b4 Nd7 15. Qb3 e5 16. Ne4 Bxe4 17. Rxe4 f5 18. c5+ d5 19. Rxe5 Nxe5 20. dxe5 b5 21. Re1 a6 22. Nd4 Qg5 23. Bc1 Qh4 24. Nf3 Qe7 25. g3 h6 26. Bg2 Qf7 27. Bb2 Rcd8 28. Rd1 g5 29. Nd4 f4 30. g4 Bxe5 31. Nf5 Qf6 32. Bxd5+ Nxd5 33. Rxd5 Rxd5 34. Qxd5+ Kf8 35. Bxe5 Rxe5 36. Qa8+ Re8 37. Qb7 h5 38. h3 hxg4 39. hxg4 Qh8 40. Kg2 Qe5 41. Nd6 Qe7 42. Qd5 Rd8 43. Qf5+ Kg7 44. Qd5 Kg6 45. Qd3+ Kf6 46. Qf5+ Kg7 47. Qd5 Kg6 48. Qd3+ 1/2-1/2

[Event "ch-Frankfurt A"]
[Site "Frankfurt Main"]
[Date "2025.06.02"]
[Round "6.11"]
[White "Bonnaire, Ulrich"]
[Black "Raumanns, Niklas"]
[Result "1-0"]
[WhiteElo "2135"]
[BlackElo "1850"]
[PlyCount "53"]
[EventDate "2025.04.28"]
[EventType "swiss"]
[EventRounds "7"]
[EventCountry "GER"]
[WhiteTeam "SC Frankfurt-West"]
[BlackTeam "SC Bergen-Enkheim 1922"]

1. e4 e6 2. d4 d5 3. e5 c5 4. c3 Nc6 5. Nf3 Bd7 6. a3 Qb6 7. b4 cxd4 8. cxd4 Rc8 9. Be3 Bxb4+ 10. axb4 Nxb4 11. Na3 Ne7 12. Be2 Nf5 13. O-O O-O 14. Qb3 Nc2 15. Qxb6 axb6 16. Nxc2 Rxc2 17. Bd3 Rc3 18. Bxf5 exf5 19. Rfc1 Rxc1+ 20. Rxc1 Ra8 21. h3 Bc6 22. Ne1 Ra3 23. Rb1 h6 24. Nc2 Rc3 25. Nb4 Kf8 26. Nxc6 Rxc6 27. Rb5 1-0

[Event "ch-Frankfurt A"]
[Site "Frankfurt Main"]
[Date "2025.06.02"]
[Round "6.13"]
[White "Bittner, Peter"]
[Black "Hochmuth, Christian"]
[Result "0-1"]
[WhiteElo "1892"]
[BlackElo "1996"]
[PlyCount "84"]
[EventDate "2025.04.28"]
[EventType "swiss"]
[EventRounds "7"]
[EventCountry "GER"]
[WhiteTeam "SC 1961 König Nied"]
[BlackTeam "Schachdrachen Büdingen-Wächtersb"]

1. Nf3 d5 2. d4 Nf6 3. Bf4 c5 4. c3 Nc6 5. e3 Qb6 6. Qb3 c4 7. Qxb6 axb6 8. a3 Bf5 9. Be2 b5 10. Nbd2 b4 11. O-O bxc3 12. bxc3 h6 13. Ne5 Nxe5 14. Bxe5 b5 15. f3 Bd7 16. Ra2 e6 17. Bxf6 gxf6 18. Rfa1 Bd6 19. e4 O-O 20. Bd1 Ra5 21. Kf2 Rfa8 22. Nb1 b4 23. cxb4 Bxb4 24. Bc2 Bd6 25. h3 Kg7 26. Ke2 e5 27. dxe5 Bxe5 28. exd5 Bxa1 29. Rxa1 Rxd5 30. Be4 Re8 31. g4 f5 32. gxf5 Bxf5 33. Ke3 Bxe4 34. fxe4 f5 35. Nd2 c3 36. Nf3 Rxe4+ 37. Kf2 Ra4 38. Ke3 f4+ 39. Ke2 Rda5 40. Rg1+ Kh7 41. Kd3 Rxa3 42. Kc2 Rb5 0-1

[Event "ch-Frankfurt A"]
[Site "Frankfurt Main"]
[Date "2025.06.02"]
[Round "6.14"]
[White "Lenhard, Martin"]
[Black "Shanawaz Thabrez, Shahzaib"]
[Result "1/2-1/2"]
[WhiteElo "2004"]
[BlackElo "1898"]
[PlyCount "32"]
[EventDate "2025.04.28"]
[EventType "swiss"]
[EventRounds "7"]
[EventCountry "GER"]
[WhiteTeam "SV 1920 Hofheim"]
[BlackTeam "SK Langen"]

1. e4 e5 2. Nf3 Nc6 3. Bb5 a6 4. Ba4 Nf6 5. O-O Bc5 6. c3 b5 7. Bc2 d5 8. exd5 Qxd5 9. d4 exd4 10. Re1+ Be7 11. Bb3 Qd6 12. Nxd4 Nxd4 13. cxd4 O-O 14. Nc3 Bb7 15. Bg5 Rfe8 16. Bh4 Rad8 1/2-1/2

[Event "ch-Frankfurt A"]
[Site "Frankfurt Main"]
[Date "2025.06.02"]
[Round "6.15"]
[White "Griesfeller, Sven"]
[Black "Hensel, Roman"]
[Result "1/2-1/2"]
[WhiteElo "1874"]
[BlackElo "1781"]
[PlyCount "80"]
[EventDate "2025.04.28"]
[EventType "swiss"]
[EventRounds "7"]
[EventCountry "GER"]
[WhiteTeam "Schachdrachen Büdingen-Wächtersb"]
[BlackTeam "SV Oberursel"]

1. e4 c5 2. Nf3 d6 3. d4 cxd4 4. Nxd4 Nf6 5. Nc3 Nc6 6. h3 e5 7. Nde2 Be6 8. g3 d5 9. exd5 Nxd5 10. Bg2 Nxc3 11. Nxc3 Qxd1+ 12. Nxd1 Bc5 13. Ne3 O-O 14. O-O Rfd8 15. a3 Rd7 16. Ng4 Bxg4 17. hxg4 Nd4 18. c4 Ne2+ 19. Kh2 Nxc1 20. Raxc1 Rd2 21. Bxb7 Rb8 22. b4 Rxb7 23. bxc5 f6 24. Rcd1 Rc2 25. c6 Rc7 26. Rd7 Rxd7 27. cxd7 Rd2 28. c5 Rxd7 29. Rb1 Rc7 30. c6 Rxc6 31. Rb8+ Kf7 32. Rb7+ Kg6 33. Rxa7 Rc2 34. Kg2 e4 35. Re7 Ra2 36. Rxe4 Rxa3 37. Rb4 Kh6 38. Rb5 g6 39. Rc5 Ra4 40. Kf3 Ra3+ 1/2-1/2

[Event "ch-Frankfurt A"]
[Site "Frankfurt Main"]
[Date "2025.06.02"]
[Round "6.16"]
[White "Plattner, Rolf"]
[Black "Zimmer, Gerald"]
[Result "0-1"]
[WhiteElo "1830"]
[BlackElo "1951"]
[PlyCount "82"]
[EventDate "2025.04.28"]
[EventType "swiss"]
[EventRounds "7"]
[EventCountry "GER"]
[WhiteTeam "SC Schachmatt Weiterstadt"]
[BlackTeam "SC Bergen-Enkheim 1922"]

1. e4 e6 2. d4 d5 3. Nc3 dxe4 4. Nxe4 Nd7 5. Nf3 Ngf6 6. Bg5 Be7 7. Nxf6+ Bxf6 8. Bxf6 Qxf6 9. Bd3 O-O 10. Qe2 c5 11. O-O-O cxd4 12. Qe4 g6 13. Nxd4 Nc5 14. Qf3 Qxd4 15. Bxg6 Qg7 16. Bh5 Bd7 17. Qe3 Rac8 18. Rd4 f5 19. Rhd1 Bc6 20. f3 Kh8 21. g4 f4 22. Qf2 Bd5 23. Kb1 b5 24. h4 Qb7 25. g5 Nd7 26. Rxd5 exd5 27. Qd4+ Kg8 28. Bg4 Qc6 29. c3 Nb6 30. Bxc8 Qxc8 31. h5 Qf5+ 32. Ka1 Re8 33. h6 Qe5 34. Qg1 Re6 35. a3 Qe2 36. Qh1 Nc4 37. Rb1 Nd2 38. Qh4 Nxb1 39. g6 hxg6 40. Qxf4 Qe5 41. Qh4 Nxc3 0-1

[Event "ch-Frankfurt A"]
[Site "Frankfurt Main"]
[Date "2025.06.02"]
[Round "6.17"]
[White "Kraft, Joshua"]
[Black "Rennhack, Peer"]
[Result "1/2-1/2"]
[WhiteElo "1771"]
[BlackElo "1949"]
[PlyCount "43"]
[EventDate "2025.04.28"]
[EventType "swiss"]
[EventRounds "7"]
[EventCountry "GER"]
[WhiteTeam "SC 1979 Hattersheim"]
[BlackTeam "Sabt Frankfurter TV 1860"]

1. d4 Nf6 2. Bg5 g6 3. Bxf6 exf6 4. e3 Bg7 5. g3 O-O 6. Bg2 c5 7. dxc5 Qa5+ 8. c3 Qxc5 9. Ne2 Nc6 10. O-O a5 11. Nd2 a4 12. a3 f5 13. Nf3 Ra5 14. Nfd4 b6 15. b4 axb3 16. Nxb3 Qc4 17. Nxa5 Nxa5 18. Qc2 Ba6 19. Nd4 Rc8 20. Rfc1 Bxd4 21. exd4 Nb3 22. Bf1 1/2-1/2

[Event "ch-Frankfurt A"]
[Site "Frankfurt Main"]
[Date "2025.06.02"]
[Round "6.20"]
[White "Schaum, Adalbert"]
[Black "Börsch, Dieter"]
[Result "1/2-1/2"]
[WhiteElo "1490"]
[BlackElo "1800"]
[PlyCount "65"]
[EventDate "2025.04.28"]
[EventType "swiss"]
[EventRounds "7"]
[EventCountry "GER"]
[WhiteTeam "SV 1997 Nauheim"]
[BlackTeam "SK Bad Homburg 1927"]

1. d4 Nf6 2. c4 e6 3. Nf3 c5 4. d5 exd5 5. cxd5 d6 6. Nc3 g6 7. e4 Bg7 8. Bf4 O-O 9. Be2 a6 10. a4 Bg4 11. O-O Re8 12. Nd2 Bxe2 13. Qxe2 Nh5 14. Be3 Nd7 15. f3 Qc7 16. Rab1 Nhf6 17. Nc4 Ne5 18. Nxe5 Rxe5 19. Rfc1 Ree8 20. b4 Nd7 21. bxc5 Nxc5 22. Qc4 b6 23. Bd4 Reb8 24. Bxg7 Kxg7 25. Ne2 Qd7 26. Rb4 b5 27. axb5 Rxb5 28. Rcb1 Rab8 29. Nd4 Rxb4 30. Rxb4 Rxb4 31. Qxb4 Qa4 32. Qxa4 Nxa4 33. Nb3 1/2-1/2

[Event "ch-Frankfurt A"]
[Site "Frankfurt Main"]
[Date "2025.06.02"]
[Round "6.22"]
[White "Gutacker, Stephan"]
[Black "Erbach, Jürgen"]
[Result "1/2-1/2"]
[WhiteElo "1932"]
[BlackElo "1669"]
[PlyCount "79"]
[EventDate "2025.04.28"]
[EventType "swiss"]
[EventRounds "7"]
[EventCountry "GER"]
[WhiteTeam "Sfr.1932 Kelkheim"]
[BlackTeam "Sfr.1932 Kelkheim"]

1. e4 e6 2. d4 d5 3. Bd3 c5 4. c3 cxd4 5. cxd4 Bb4+ 6. Nc3 Nc6 7. Nge2 Nf6 8. e5 Ne4 9. O-O Nxc3 10. bxc3 Be7 11. f4 O-O 12. Ng3 f6 13. Be3 f5 14. Nh1 Bd7 15. Nf2 Rc8 16. g4 Be8 17. gxf5 exf5 18. Nh3 Na5 19. Qc2 Qd7 20. a4 Nc4 21. Bc1 a6 22. Rf2 b5 23. axb5 axb5 24. Qa2 Rc6 25. Rg2 Rg6 26. Bxc4 bxc4 27. Ba3 Ra6 28. Qb2 Qa4 29. Qb7 Rf7 30. Rga2 Bc6 31. Bxe7 Bxb7 32. Rxa4 Rxa4 33. Rxa4 Rxe7 34. Ra7 h6 35. Kf2 Kf7 36. Kf3 Bc6 37. Rxe7+ Kxe7 38. Nf2 g5 39. h3 Kf7 40. Nd1 1/2-1/2

[Event "ch-Frankfurt A"]
[Site "Frankfurt Main"]
[Date "2025.06.02"]
[Round "6.24"]
[White "Basedow, Marc"]
[Black "Kuckel, Michael"]
[Result "0-1"]
[WhiteElo "1757"]
[BlackElo "1744"]
[PlyCount "76"]
[EventDate "2025.04.28"]
[EventType "swiss"]
[EventRounds "7"]
[EventCountry "GER"]
[WhiteTeam "SC Bad Soden"]
[BlackTeam "SC Matt im Park Ffm"]

1. c4 e5 2. Nc3 Nf6 3. g3 d5 4. cxd5 Nxd5 5. Bg2 Nb6 6. e3 Nc6 7. Nge2 Be6 8. a3 Be7 9. O-O Qd7 10. d4 exd4 11. Bxc6 bxc6 12. Qxd4 Nd5 13. e4 Bf6 14. e5 Be7 15. Ne4 Bh3 16. Rd1 Qf5 17. f4 Qg4 18. Kf2 Qh5 19. Bd2 Bg4 20. Qd3 Qxh2+ 21. Ke1 Rd8 22. Qc4 O-O 23. Nf2 Bxe2 24. Qxe2 Qg1+ 25. Qf1 Qxg3 26. Qc4 Bh4 27. Qe2 Qg1+ 28. Qf1 Bxf2+ 29. Ke2 Qxf1+ 30. Rxf1 Bd4 31. Rab1 Rfe8 32. Kf3 f6 33. exf6 Nxf6 34. Rfc1 c5 35. b4 Rd5 36. Rc4 cxb4 37. Rbxb4 Bc5 38. Rb5 Rd3+ 0-1

[Event "ch-Frankfurt A"]
[Site "Frankfurt Main"]
[Date "2025.06.02"]
[Round "6.25"]
[White "Clauss, Hendrik"]
[Black "Roth, Daniel"]
[Result "1-0"]
[WhiteElo "1796"]
[BlackElo "1804"]
[PlyCount "67"]
[EventDate "2025.04.28"]
[EventType "swiss"]
[EventRounds "7"]
[EventCountry "GER"]
[WhiteTeam "SC Bergen-Enkheim 1922"]
[BlackTeam "SC Matt im Park Ffm"]

1. d4 d5 2. Bf4 c5 3. e3 cxd4 4. exd4 Nc6 5. c3 Bf5 6. Qb3 Qd7 7. Nf3 a6 8. Nbd2 e6 9. Be2 Nf6 10. h3 h6 11. O-O Be7 12. Qd1 O-O 13. Ne5 Qc8 14. Re1 Nd7 15. Bg4 Ndxe5 16. Bxf5 Nd7 17. Bd3 Nf6 18. Re3 Kh8 19. Nf3 g5 20. Nxg5 hxg5 21. Bxg5 Nh7 22. Bxh7 Bxg5 23. Rg3 f6 24. Qh5 Qd7 25. Bd3+ Kg8 26. h4 Rf7 27. hxg5 f5 28. g6 Rg7 29. Rh3 Kf8 30. Qh8+ Rg8 31. Qf6+ Ke8 32. Rh7 Ne7 33. Rh8 Kd8 34. Rxg8+ 1-0

[Event "ch-Frankfurt A"]
[Site "Frankfurt Main"]
[Date "2025.06.02"]
[Round "6.26"]
[White "Bratmann, Marc"]
[Black "Müller, Jens"]
[Result "1-0"]
[WhiteElo "1856"]
[BlackElo "1692"]
[PlyCount "59"]
[EventDate "2025.04.28"]
[EventType "swiss"]
[EventRounds "7"]
[EventCountry "GER"]
[WhiteTeam "Sfr Stiller Zug Wiesbaden"]
[BlackTeam "SV 1920 Hofheim"]

1. d4 d5 2. Bf4 Nf6 3. e3 e6 4. Nf3 Bd6 5. Nbd2 O-O 6. Bg3 b6 7. Rc1 Bb7 8. Bd3 c5 9. c3 c4 10. Bb1 b5 11. O-O Bxg3 12. hxg3 Nbd7 13. Re1 Ne4 14. Nxe4 dxe4 15. Nd2 f5 16. b3 Rc8 17. bxc4 bxc4 18. Qa4 Nc5 19. dxc5 Qxd2 20. Red1 Qb2 21. Qb4 Qxb4 22. cxb4 Bd5 23. a3 a5 24. Ba2 Rb8 25. Bxc4 axb4 26. axb4 Rfd8 27. b5 Kf8 28. c6 Rbc8 29. Bxd5 exd5 30. b6 1-0

[Event "ch-Frankfurt A"]
[Site "Frankfurt Main"]
[Date "2025.06.02"]
[Round "6.27"]
[White "Rotermund, Verena"]
[Black "Münstermann, Matthias"]
[Result "1/2-1/2"]
[WhiteElo "1799"]
[BlackElo "1760"]
[PlyCount "113"]
[EventDate "2025.04.28"]
[EventType "swiss"]
[EventRounds "7"]
[EventCountry "GER"]
[WhiteTeam "Vorw.Orient Mainz"]
[BlackTeam "SK Langen"]

1. c4 g6 2. g3 Bg7 3. Bg2 Nf6 4. e4 e5 5. Ne2 d6 6. d3 O-O 7. O-O Be6 8. h3 Nfd7 9. Nbc3 Nc6 10. Be3 Ne7 11. Qd2 f6 12. f4 c6 13. g4 Bf7 14. f5 g5 15. h4 h6 16. hxg5 fxg5 17. b3 Nf6 18. Bf3 Qc7 19. Kg2 d5 20. cxd5 cxd5 21. Nb5 Qd7 22. a4 dxe4 23. dxe4 Qxd2 24. Bxd2 Rfd8 25. Bc3 a6 26. Na3 h5 27. Kg1 hxg4 28. Bg2 Nh5 29. b4 Nf4 30. Rf2 Rac8 31. Be1 Rd3 32. b5 g3 33. Nxg3 Rxg3 34. Kh2 Rxg2+ 35. Rxg2 Nxg2 36. Kxg2 Bf8 37. Bd2 axb5 38. Bxg5 bxa4 39. Bf6 Nc6 40. Nb5 Be7 41. Bxe7 Nxe7 42. Rxa4 Be8 43. Rb4 Bxb5 44. Rxb5 Rb8 45. Rxe5 Kf7 46. Rb5 b6 47. Kg3 Nc6 48. Kf4 Ne7 49. Rb3 b5 50. e5 Nc6 51. Rh3 b4 52. Rh1 b3 53. Ke4 b2 54. Rb1 Rb5 55. e6+ Kf6 56. Kd3 Na5 57. Kc3 1/2-1/2

[Event "ch-Frankfurt A"]
[Site "Frankfurt Main"]
[Date "2025.06.02"]
[Round "6.28"]
[White "Ghaznavi, Massoud"]
[Black "Dobaj, Daniel"]
[Result "0-1"]
[WhiteElo "1616"]
[BlackElo "1637"]
[PlyCount "78"]
[EventDate "2025.04.28"]
[EventType "swiss"]
[EventRounds "7"]
[EventCountry "GER"]
[WhiteTeam "SV Oberursel"]

1. d4 Nf6 2. Bf4 d5 3. e3 c5 4. Bb5+ Bd7 5. Nc3 Bxb5 6. Nxb5 Qa5+ 7. Nc3 Ne4 8. Nge2 Nc6 9. O-O Nxc3 10. Nxc3 e6 11. a3 cxd4 12. exd4 Qb6 13. Re1 Qxb2 14. Nxd5 O-O-O 15. Rb1 Qxd4 16. Qxd4 Nxd4 17. Ne3 Bd6 18. Bxd6 Rxd6 19. c3 Nc6 20. a4 Rd3 21. Rec1 Rhd8 22. Nc4 R8d5 23. Nb2 Rd2 24. Kf1 Ne5 25. Rd1 Rxb2 26. Rxb2 Rxd1+ 27. Ke2 Rc1 28. Kd2 Rh1 29. Rb5 f6 30. f4 Nc6 31. Rh5 h6 32. Kc2 Kd7 33. Rh3 Rf1 34. Rg3 Rxf4 35. Rxg7+ Ne7 36. Kb3 e5 37. a5 e4 38. Kc4 Ke6 39. Kd4 Nf5+ 0-1

[Event "ch-Frankfurt A"]
[Site "Frankfurt Main"]
[Date "2025.06.02"]
[Round "6.29"]
[White "Hofmann, Werner"]
[Black "Friedel, Thomas"]
[Result "1-0"]
[WhiteElo "1780"]
[BlackElo "1709"]
[PlyCount "63"]
[EventDate "2025.04.28"]
[EventType "swiss"]
[EventRounds "7"]
[EventCountry "GER"]
[WhiteTeam "SV 1920 Kelsterbach"]
[BlackTeam "SV 1946 Groß-Gerau"]

1. d4 d5 2. e3 Nf6 3. Bd3 c5 4. c3 Nc6 5. f4 Bg4 6. Nf3 e6 7. O-O c4 8. Bc2 b5 9. h3 Bf5 10. Bxf5 exf5 11. Ne5 Qc7 12. Bd2 Be7 13. Be1 Ne4 14. Nd2 O-O 15. g4 Nd6 16. Qf3 f6 17. Qxd5+ Kh8 18. Nxc6 fxg4 19. hxg4 Rfe8 20. Nxe7 Qxe7 21. Bf2 Rad8 22. Qf3 Nf7 23. Rae1 Qe6 24. a3 Nh6 25. f5 Qe7 26. Bg3 Rf8 27. Bf4 Nf7 28. Ne4 Rg8 29. Nc5 g6 30. Kf2 gxf5 31. gxf5 Rg7 32. Ne6 1-0

[Event "ch-Frankfurt A"]
[Site "Frankfurt Main"]
[Date "2025.06.02"]
[Round "6.30"]
[White "Steigleder, Maximilian"]
[Black "Fernengel, Rudolf"]
[Result "1-0"]
[WhiteElo "1901"]
[BlackElo "1882"]
[PlyCount "77"]
[EventDate "2025.04.28"]
[EventType "swiss"]
[EventRounds "7"]
[EventCountry "GER"]
[WhiteTeam "Sfr.1932 Kelkheim"]
[BlackTeam "SC 1910 Höchst"]

1. e4 d6 2. d4 e5 3. Nf3 Nc6 4. Bc4 Nxd4 5. Nxd4 exd4 6. Qxd4 Be6 7. O-O Qf6 8. Qd3 Bxc4 9. Qxc4 O-O-O 10. Be3 Qe6 11. Qa4 a6 12. Nc3 Ne7 13. b4 Qc4 14. Qa3 d5 15. Bf4 d4 16. Na4 Ng6 17. Bd2 a5 18. Nc5 b6 19. Qh3+ Kb8 20. Nd7+ Kb7 21. Nxf8 Rhxf8 22. bxa5 b5 23. Rab1 c6 24. Bg5 f6 25. Bd2 Qxc2 26. Qxh7 Qxd2 27. Qxg7+ Ka6 28. Qxg6 Qxa5 29. Rfc1 d3 30. Rxc6+ Kb7 31. Rxf6 Rxf6 32. Qxf6 d2 33. Qf7+ Kc6 34. Rd1 Kc5 35. Kf1 b4 36. Qh5+ Kb6 37. Qh6+ Kc5 38. Qg5+ Kb6 39. Qxd8+ 1-0

[Event "ch-Frankfurt A"]
[Site "Frankfurt Main"]
[Date "2025.06.02"]
[Round "6.32"]
[White "Zeyen, Helmut"]
[Black "Brunner, Andreas"]
[Result "1/2-1/2"]
[WhiteElo "1845"]
[BlackElo "1634"]
[PlyCount "133"]
[EventDate "2025.04.28"]
[EventType "swiss"]
[EventRounds "7"]
[EventCountry "GER"]
[WhiteTeam "Wiesbadener SV 1885"]
[BlackTeam "FV Berkersheim"]

1. e4 e6 2. Qe2 Nc6 3. Nf3 d5 4. exd5 Qxd5 5. Nc3 Qd8 6. a3 Nf6 7. d3 Be7 8. Bf4 Nd5 9. Nxd5 Qxd5 10. Bxc7 Bf6 11. Rb1 O-O 12. c4 Qf5 13. Qe4 Qxe4+ 14. dxe4 b6 15. e5 Be7 16. Bd3 Bb7 17. Be4 Rac8 18. Bd6 Rfe8 19. Bxe7 Rxe7 20. Rd1 Ba8 21. Ke2 Na5 22. Bxa8 Rxa8 23. Nd2 Rc7 24. b3 Nc6 25. Nf3 Rf8 26. Rd6 h6 27. h4 Rfc8 28. Rhd1 Kf8 29. g4 Ke7 30. Ke3 Na5 31. R1d3 Nb7 32. b4 Ke8 33. R6d4 Rxc4 34. Rxc4 Rxc4 35. Nd4 Nd8 36. f4 a6 37. f5 Rc1 38. fxe6 fxe6 39. Nf3 Ke7 40. g5 hxg5 41. hxg5 Nf7 42. g6 Nd8 43. Kd2 Rc8 44. Rc3 Rxc3 45. Kxc3 Nc6 46. Kc4 Kd7 47. b5 axb5+ 48. Kxb5 Kc7 49. a4 Kb7 50. Kc4 Ka6 51. Kb3 Ka5 52. Kc3 Kxa4 53. Kc4 b5+ 54. Kc5 Ne7 55. Kd6 Nxg6 56. Kxe6 Nf4+ 57. Kf5 Nd5 58. Ke4 Ne7 59. e6 Kb4 60. Nd2 Kc5 61. Ke5 Nc6+ 62. Kf5 Kd6 63. Ne4+ Ke7 64. Nc3 Nd4+ 65. Ke5 Nxe6 66. Nxb5 Ng5 67. Kf5 1/2-1/2